[Event "4NCL Division 1a"]
[Site "Northampton, ENG"]
[Date "2017.02.11"]
[Round "5.42"]
[White "Ledger, Andrew J"]
[Black "Schoene, Maria"]
[Result "1-0"]
[WhiteElo "2376"]
[BlackElo "2287"]
[PlyCount "81"]
[EventDate "2017.02.11"]
[WhiteTeam "Blackthorne Russia"]
[BlackTeam "Celtic Tigers "]

1. d4 Nf6 2. c4 g6 3. Nc3 Bg7 4. e4 d6 5. Nf3 O-O 6. Be2 e5 7. Be3 Ng4 8. Bg5
f6 9. Bh4 Nc6 10. d5 Ne7 11. Nd2 Nh6 12. f3 c5 13. dxc6 bxc6 14. b4 Be6 15. Nb3
Kh8 16. Bf2 d5 17. cxd5 cxd5 18. O-O d4 19. Na4 Nhg8 20. Nac5 Bf7 21. f4 Nc8
22. Na5 Nb6 23. Bb5 Ne7 24. fxe5 fxe5 25. Bh4 Qd6 26. Rc1 Rac8 27. Qd2 Ng8 28.
Ba6 Bh6 29. Bg5 Bxg5 30. Qxg5 Rce8 31. Bb5 Rc8 32. Nab7 Qb8 33. Na6 Qxb7 34.
Qxe5+ Nf6 35. Rxc8 Qxc8 36. Qxf6+ Kg8 37. a3 Nc4 38. Bxc4 Qxc4 39. Nc5 d3 40.
Qd6 Re8 41. Nd7 1-0

[Event "4NCL Division 1a"]
[Site "Northampton, ENG"]
[Date "2017.02.11"]
[Round "5.43"]
[White "Maciol, Ryszard"]
[Black "Bates, Richard A"]
[Result "1-0"]
[WhiteElo "2139"]
[BlackElo "2370"]
[PlyCount "81"]
[EventDate "2017.02.11"]
[WhiteTeam "Celtic Tigers "]
[BlackTeam "Blackthorne Russia"]

1. d4 Nf6 2. c4 e6 3. Nc3 Bb4 4. e3 O-O 5. Bd3 c5 6. Nge2 d5 7. cxd5 cxd4 8.
exd4 Nxd5 9. O-O Nc6 10. a3 Bd6 11. Be4 Nxc3 12. Nxc3 Nxd4 13. g3 Be5 14. Be3
f5 15. Bg2 Qb6 16. Na4 Qd6 17. Rc1 Rd8 18. Nc5 Qe7 19. Re1 Rb8 20. Nd3 Nc6 21.
Qb3 Bc7 22. Qc4 Bd7 23. Bxa7 Rbc8 24. Bc5 Qf7 25. b4 Kh8 26. b5 Na5 27. Qb4 b6
28. Be3 Be8 29. Nb2 h6 30. Na4 Bd6 31. Qb1 Nc4 32. Nxb6 Nxb6 33. Bxb6 Rxc1 34.
Qxc1 Rb8 35. Bd4 Bxb5 36. Qxh6+ Kg8 37. Bxg7 Qd7 38. Bb2 Bc4 39. Qh8+ Kf7 40.
Qg7+ Ke8 41. Qd4 1-0

[Event "4NCL Division 1a"]
[Site "Northampton, ENG"]
[Date "2017.02.11"]
[Round "5.44"]
[White "Ansell, Simon T"]
[Black "Mitra, Roman C"]
[Result "1-0"]
[WhiteElo "2349"]
[BlackElo "2093"]
[PlyCount "79"]
[EventDate "2017.02.11"]
[WhiteTeam "Blackthorne Russia"]
[BlackTeam "Celtic Tigers "]

1. d4 d5 2. Bf4 Nd7 3. e3 Ngf6 4. Nd2 c5 5. c3 g6 6. h3 Bg7 7. Ngf3 O-O 8. Bd3
a6 9. O-O b6 10. Ne5 Bb7 11. Qe2 Ne4 12. Nxd7 Qxd7 13. Bxe4 dxe4 14. Nc4 Qe6
15. dxc5 bxc5 16. Na5 Bd5 17. c4 Bc6 18. Rad1 Rad8 19. Rxd8 Rxd8 20. Rd1 Rxd1+
21. Qxd1 Qd7 22. Qb3 h6 23. Qb6 g5 24. Bg3 Qd1+ 25. Kh2 Bd7 26. Qd8+ Kh7 27.
Qxe7 Be6 28. Nb3 Qc2 29. Nxc5 Bxc4 30. b3 Bd3 31. Nd7 Kg6 32. Qd6+ f6 33. Qe6
Bb5 34. Ne5+ Kh7 35. Qf7 Qc5 36. Qg6+ Kg8 37. Ng4 Qc6 38. Nxh6+ Kh8 39. Nf5 Bf8
40. Qf7 1-0

[Event "4NCL Division 1a"]
[Site "Northampton, ENG"]
[Date "2017.02.11"]
[Round "5.45"]
[White "Pedersen, Carsten"]
[Black "Duncan, Chris R"]
[Result "0-1"]
[WhiteElo "2165"]
[BlackElo "2245"]
[PlyCount "70"]
[EventDate "2017.02.11"]
[WhiteTeam "Celtic Tigers "]
[BlackTeam "Blackthorne Russia"]

1. e4 c5 2. Nc3 Nc6 3. g3 g6 4. Bg2 Bg7 5. d3 d6 6. f4 e6 7. Nf3 Nge7 8. O-O
O-O 9. Be3 b6 10. d4 d5 11. exd5 Nf5 12. Bf2 Ncxd4 13. Ne5 exd5 14. Nxd5 Be6
15. c4 Rc8 16. a4 Re8 17. Re1 f6 18. Nd3 Kh8 19. g4 Nd6 20. Bxd4 cxd4 21. b3
Qd7 22. h3 Bf7 23. Qd2 Nb7 24. Rxe8+ Rxe8 25. Re1 Nc5 26. Nxc5 bxc5 27. Rxe8+
Qxe8 28. f5 Qb8 29. Qd3 Qe5 30. Qe4 gxf5 31. gxf5 Bh5 32. Qd3 Be2 33. Qd2 d3
34. Qa5 h5 35. Qxc5 d2 0-1

[Event "4NCL Division 1a"]
[Site "Northampton, ENG"]
[Date "2017.02.11"]
[Round "5.46"]
[White "Ledger, Dave J"]
[Black "Quinn, John M"]
[Result "0-1"]
[WhiteElo "2215"]
[BlackElo "2152"]
[PlyCount "96"]
[EventDate "2017.02.11"]
[WhiteTeam "Blackthorne Russia"]
[BlackTeam "Celtic Tigers "]

1. e4 c5 2. Nf3 e6 3. d4 cxd4 4. Nxd4 Nc6 5. Nc3 Qc7 6. Be3 a6 7. Be2 Nf6 8.
O-O Bb4 9. Na4 Be7 10. Nxc6 bxc6 11. Nb6 Rb8 12. Nxc8 Qxc8 13. Bd4 c5 14. Be5
Rb6 15. Qd3 d6 16. Bc3 O-O 17. b3 d5 18. e5 Nd7 19. f4 c4 20. bxc4 Nc5 21. Qh3
dxc4 22. Bf3 Rd8 23. Kh1 Rb8 24. Rad1 Rxd1 25. Rxd1 Qc7 26. f5 exf5 27. Qxf5 g6
28. Qg4 Ne6 29. h3 Bb4 30. Bxb4 Rxb4 31. c3 Rb2 32. Bd5 Qxe5 33. Bxc4 h5 34.
Qf3 Ng5 35. Qc6 Kg7 36. Qd7 Qg3 37. Bd5 Rf2 38. Rg1 Qxc3 39. h4 Nh7 40. Qa7 Qg3
41. Rc1 Qxh4+ 42. Kg1 Rf5 43. Bc4 Ng5 44. Qe3 Nf3+ 45. gxf3 Qg3+ 46. Kh1 Rf4
47. Qe5+ Kh7 48. Rg1 Rh4# 0-1

[Event "4NCL Division 1a"]
[Site "Northampton, ENG"]
[Date "2017.02.11"]
[Round "5.47"]
[White "Larter, Nick J"]
[Black "Ledger, Stephen C"]
[Result "1/2-1/2"]
[WhiteElo "1816"]
[BlackElo "2132"]
[PlyCount "83"]
[EventDate "2017.02.11"]
[WhiteTeam "Celtic Tigers "]
[BlackTeam "Blackthorne Russia"]

1. e4 c5 2. a3 g6 3. d4 cxd4 4. c3 d3 5. Bxd3 Bg7 6. f4 Nc6 7. Nf3 d6 8. Be3
Nf6 9. h3 O-O 10. O-O b6 11. Nbd2 Bb7 12. Qe1 e6 13. f5 exf5 14. exf5 Re8 15.
Qf2 Ne5 16. Bc2 Nxf3+ 17. Nxf3 Ne4 18. Bxe4 Bxe4 19. fxg6 Bxg6 20. Bd4 Be5 21.
Rad1 Qc7 22. Nh4 Re6 23. Qf3 Rae8 24. Qg4 Bxd4+ 25. Rxd4 Re4 26. Rxe4 Rxe4 27.
Qg5 Qc5+ 28. Qxc5 dxc5 29. Nxg6 hxg6 30. g4 Kg7 31. Rf2 b5 32. Kg2 a5 33. Kg3
b4 34. Rf4 Re3+ 35. Rf3 Re2 36. cxb4 cxb4 37. axb4 axb4 38. Rb3 Re4 39. Rf3 Rd4
40. Rf4 Rd3+ 41. Rf3 Rd2 42. Rf2 1/2-1/2